| 000 | 00858nam a22002537a 4500 | ||
|---|---|---|---|
| 001 | 4402 | ||
| 003 | FISKH | ||
| 005 | 20240820115127.0 | ||
| 008 | 240820b cb ||||| |||| 00| 0 eng d | ||
| 020 | _a9788171818624 | ||
| 040 |
_aFISKH _beng _cFISKH _dFISKH |
||
| 082 | _a372.4122 | ||
| 100 |
_aSuire, Diane _eauthor |
||
| 245 |
_aThe Pied Piper of Hamelin / _cRetold by Diane Suire |
||
| 260 |
_aDelhi : _bLearners Press Private Limited ; _c2002 . |
||
| 300 |
_a27 unnumbered pages : _bcolor illustrations ; _c20cm . |
||
| 505 | _aK | ||
| 520 | _aThe Pied Piper pipes the village free of rats, and when the villagers refuse to pay him for the service he exacts a terrible revenge | ||
| 521 | 8 |
_a510
_bLexile estimate |
|
| 521 | 8 |
_aK
_bRaz-Plus |
|
| 700 |
_aRovira, Francesc _eillustrator |
||
| 942 |
_2ddc _cBK _n0 |
||
| 999 |
_c4402 _d4402 |
||